000 00414nam a22001337a 4500
003 SGT
020 _a9789390366750
082 _a920
_bA21S
100 _aशर्मा, राजीव
245 _aअद्भुत सन्यासी :भगवान परशुराम की जीवन गाथा
260 _bप्रभात प्रकाशन
_c2021
300 _a168
942 _2ddc
_cBK
999 _c31949
_d31949